| 000 | 00827cam a22002412 4500 | ||
|---|---|---|---|
| 001 | 0000002473 | ||
| 005 | 20151217160927.0 | ||
| 008 | 070411s xx 000 0 eng d | ||
| 040 |
_aKABU _cKABU |
||
| 050 | 0 |
_aHF5601 _b.J682 |
|
| 245 | 1 | 0 | _aJournal of accounting and economics. |
| 260 |
_aAmsterdam : _bNorth-Holland. |
||
| 310 | _aQuarterly. | ||
| 500 | _aLibrary has (bound): 1990-91, 1992, 1993, 1994. | ||
| 650 | 0 |
_aAccounting _vPeriodicals. _@0000151832 |
|
| 650 | 0 |
_aEconomics _vPeriodicals. _@0000151833 |
|
| 908 | _a070411 | ||
| 950 | _@1 | ||
| 999 |
_c14784 _d14784 |
||